000 00490cam a2200181ua 4500
001 5431
008 120903n ii |||gr||||Z||||||eng
020 _a978-81-7884-738-2
040 _cMAIN
082 _a808.801
100 _aMathew, Abraham,
_eAuthor,
245 1 0 _aAnalysis of literary movements in english
_cBy Abraham Mathew
250 _a1st.
260 _aNew Delhi:
_bCyber tech publications,
_c2011.
300 _a280p:
_c18cm.
653 _aEnglish literary movement
942 _cBK
999 _c4611
_d4611